000
00214nam a2200109Ia 4500
100
_a
MCBEATH JORDON.
942
_c
BK
245
_a
PRODUCTIVITY THROUGH PEOPLE
260
_b
#N/A
546
_a
ENGLISH
999
_c
33348
_d
33348